Game of Thrones Characters- Only Consonants - Statistics

General Stats
  • This quiz has been taken 333 times
  • The average score is 23 of 25
Answer Stats
Hint Answer % Correct
_DD_RD/ ST_RK Eddard Stark
100%
J_IM _/ L_NN_ST_R Jaime Lannister
99%
J_R_H/ M_RM_NT Jorah Mormont
98%
T_MM_N/ B_R_TH_ _N Tommen Baratheon
98%
M_RG_ _R_/ T_R_L L Margaery Tyrell
97%
R_ _S_/ B_LT_N Roose Bolton
97%
T_W_N/ L_NN_ST_R Tywin Lannister
97%
D_ _N_R_S/ T_RG_R_ _N Daenerys Targaryen
96%
KH_L/ DR_G_ Khal Drogo
96%
R_CK_N/ ST_RK Rickon Stark
96%
R_MS_ _/ B_LT_N Ramsay Bolton
95%
BR_ _NN_/ T_RTH Brienne Tarth
92%
_L_NN_/ T_R_LL Olenna Tyrell
92%
P_T_R/ B_ _L_SH Petyr Baelish
92%
J_ _R/ M_RM_NT Jeor Mormont
91%
M_RC_LL_/ B_R_TH_ _N Myrcella Baratheon
91%
P_DR_CK/ P_ _N_ Podrick Payne
91%
V_S_R_S/ T_RG_R_ _N Viserys Targaryen
89%
L_NC_L/ L_NN_ST_R Lancel Lannister
88%
B_RR_ST_N/ S_LM_ Barristan Selmy
86%
_L_N/ P_ _N_ Ilyn Payne
86%
M_ _ST_R/ P_C_LL Maester Pycell
85%
B_R_C/ D_ND_RR_ _N Beric Dondarrion
80%
M_R_N/ TR_NT Meryn Trant
80%
J_R_/ C_SS_L Jory Cassel
66%
No matching quizzes found
Score Distribution
Percent of People with Each Score
Percentile by Number Answered
Your Score History
You have not taken this quiz